000 00751nam a2200241 i 4500
001 000025903
003 DO-SdBNP
005 20231204101516.0
007 ta
008 110224s1969 dr a r 000 0 spa d
040 _aDO-SdBNP
_bspa
_cBNPHU
_erda
082 _bR426m
_222
110 1 _aRepública Dominicana
_bSecretaría de Estado de Obras Públicas y Comunicaciones
_935775
245 1 0 _aManual de señalamiento.
264 _aSanto Domingo :
_bDirección General de Tránsito Terrestre,
_c1969.
300 _a86 paginas :
_bilustraciones ;
_c18 cm.
336 _2rdacontent
_atexto
_btxt
337 _2rdamedia
_asin mediación
_bn
338 _2rdacarrier
_avolumen
_bnc
590 _aInventariado, 2018/BT
910 _aBT
942 _2ddc
_cLBS1
999 _c25395
_d25395